| 000 | 00493nam a2200193 a 4500 | ||
|---|---|---|---|
| 001 | 1767587676439 | ||
| 003 | YourLibrary | ||
| 005 | 20260105104545.0 | ||
| 008 | 260105s2010##################000#0#eng## | ||
| 020 | _a9780195337518 | ||
| 082 | 0 | 4 |
_a300.727 _bGUO |
| 100 | 1 |
_aGuo, Shenyang, _eauthor. |
|
| 245 | 1 | 0 | _aSurvival Analysis : |
| 260 |
_bOxford University Press, _c2010. |
||
| 300 | _a172 pages | ||
| 650 | 0 | _aHistory. | |
| 942 | _cENGLISH | ||
| 040 |
_aYourLibrary _beng _cYourLibrary |
||
| 999 |
_c607246 _d607246 |
||